00757cam a2200205 a 450000100100000000500170001000800410002704000360006808200150010410000240011924501270014326000340027030000320030450000250033650400550036160000360041660000350045260000400048765000240052700001584920200929164157.0000301s1999 pr a b 000 0 spa d aDO-SdBNPbspacPrRUdDLCdBNPHU a109bS718d1 aSoto Rivera, Ruben.10aDe Parmenides a Demonacte :bhilos de una urdimbre textual : para una nueva historia de la filosofia /cRuben Soto Rivera. aPuerto Rico :b[s.n.],c1999. aiv, 234 p. :bil. ;c21 cm. aDatos de la cubierta aIncluye referencias bibliográficas: (p. 220-234)14aSOCRATESd470 a. C. - 399 a. C.14aPLATÓNd427 a. C. - 347 a. C14aPARMÉNIDESd540 a. C. - 470 a. C. 4aFilosofía antigua